00683nam a2200205 a 450000100060000000300080000600500170001400800410003103500190007204000270009104100080011808200200012610000210014624501280016726000400029530000370033550400430037265100200041565100420043525089BD-RjUL20211209050829.0140316s1964 nyuac b 000 0 eng  a(BD-RjUL)25158 aANLbengcANLdBD-RjUL aeng04a915.3bBUB 19641 aButler, Grant C.10aBeyond Arabian sands :bthe people, places, and politics of the Arab world /cGrant C. Butler ; Introd. by Frank C. Baxter. aNew York :bDevin-Adair Co.,c1964. a223 p. :billus., ports.c21 cm. aBibliography: p. [212]-213. and index. 0aArab countries. 0aMiddle EastxPolitics and government.